Biblische Historien Altes und Neues Testaments: Der Jugend und den Einfältigen zu gute in eine richtige Ordnung der Zeit und Jahre zusammen gebracht/ und in zwey Theile/ jedes Theil aber in vier und funffzig Lectiones zu dem Ende abgetheilet/ damit Christliche Hausväter ... beyde Theile alle Jahr gantz durch und zu Ende bringen...; Sampt einem Bericht oder Vorrede an den Leser/ wie diß Buch nützlich zu gebrauchen / 2 Der ...Theil Biblischer Historien/ Worinnen die Geschichte Neues Testaments in eine richtige Ordnung gebracht/ in und vier und funfftzig Lectiones abgetheilet sind : Ist eine vollständige Harmoni der Evangelisten. Aber die Geschichte der Apostel sind dach der Histori von Ausgiessung des Heiligen Geistes ... nur extrahiret... ; Und in der LIV. Lection wird die Zerstörung der Stadt Jerusalem durch die Römer vollstrecket/ aus Josepho Eusebio, &c. erzehlet

Saved in:  
Bibliographic Details
Main Author: Gesenius, Justus 1601-1673 (Author)
Contributors: Zilliger, Christoph Friedrich -1693 (Printer)
Format: Print Book
Language:German
Subito Delivery Service: Order now.
Check availability: HBZ Gateway
WorldCat: WorldCat
Interlibrary Loan:Interlibrary Loan for the Fachinformationsdienste (Specialized Information Services in Germany)
Published: Braunschweig Zilliger 1684
In: Biblische Historien Altes und Neues Testaments Der Jugend und den Einfältigen zu gute in eine richtige Ordnung der Zeit und Jahre zusammen gebracht/ und in zwey Theile/ jedes Theil aber in vier und funffzig Lectiones zu dem Ende abgetheilet/ damit Christliche Hausväter ... beyde Theile alle Jahr gantz durch und zu Ende bringen ... ; Samt einem Bericht oder Vorrede an den Leser/ wie diß Buch nützlich zu gebrauchen
Year: 1684
Further subjects:B Kommentar: theol
Sammlungen:

MARC

LEADER 00000cam a2200000 cc4500
001 537083669
003 DE-627
005 20260204110910.0
007 tu
008 070710s1684 xx ||||| 00| ||ger c
024 7 |a VD17 23:664218L  |2 vd17 
026 |e n.ie h.su nsn, ride 3 1684A 2  |2 fei 
035 |a (DE-627)537083669 
035 |a (DE-576)9537083667 
035 |a (DE-599)GBVVDS005490774 
035 |a (OCoLC)836620476 
035 |a (VD17)005490774 
040 |a DE-627  |b ger  |c DE-627  |e rakwb 
041 |a ger 
084 |a 1  |2 ssgn 
100 1 |0 (DE-588)11659554X  |0 (DE-627)078084016  |0 (DE-576)290672384  |4 aut  |a Gesenius, Justus  |d 1601-1673 
109 |a Gesenius, Justus 1601-1673  |a Gese, Justus 1601-1673  |a Gessenius, Justus 1601-1673  |a Friedlieb, Timotheus 1601-1673  |a Gesenius, Iustus 1601-1673  |a Geß, Justus 1601-1673  |a Gessen, Justus 1601-1673  |a Gesse, Justus 1601-1673  |a Gess, Justus 1601-1673  |a Friedleben, Timotheus von 1601-1673  |a Friedlieben, Timotheus 1601-1673  |a Fridlibius, Timotheus 1601-1673 
245 1 0 |a Biblische Historien Altes und Neues Testaments  |b Der Jugend und den Einfältigen zu gute in eine richtige Ordnung der Zeit und Jahre zusammen gebracht/ und in zwey Theile/ jedes Theil aber in vier und funffzig Lectiones zu dem Ende abgetheilet/ damit Christliche Hausväter ... beyde Theile alle Jahr gantz durch und zu Ende bringen...; Sampt einem Bericht oder Vorrede an den Leser/ wie diß Buch nützlich zu gebrauchen  |n 2  |p Der ...Theil Biblischer Historien/ Worinnen die Geschichte Neues Testaments in eine richtige Ordnung gebracht/ in und vier und funfftzig Lectiones abgetheilet sind : Ist eine vollständige Harmoni der Evangelisten. Aber die Geschichte der Apostel sind dach der Histori von Ausgiessung des Heiligen Geistes ... nur extrahiret... ; Und in der LIV. Lection wird die Zerstörung der Stadt Jerusalem durch die Römer vollstrecket/ aus Josepho Eusebio, &c. erzehlet  |c Herfür gegeben von Justo Gesenio, SS. Theol. d. 
264 1 |a Braunschweig  |b Zilliger  |c 1684 
300 |a 416 S., [2] Bl  |b Ill. (Holzschn.)  |c 8° 
336 |a Text  |b txt  |2 rdacontent 
337 |a ohne Hilfsmittel zu benutzen  |b n  |2 rdamedia 
338 |a Band  |b nc  |2 rdacarrier 
500 |a Schlüsselseiten aus dem Exemplar der HAB Wolfenbüttel: Th 961 (2) 
601 |a Historie 
601 |a Zerstörung 
601 |a Testament 
601 |a Harmonie 
601 |a Einfalt 
601 |a Vollständigkeit 
601 |a Ordnung 
601 |a Bericht 
601 |a Geschichte 
601 |a Evangelist 
601 |a Apostel 
601 |a Heilig Geist 
601 |a Jerusalem 
655 7 |a Kommentar: theol  |0 (DE-627)096632054  |2 local 
700 1 |0 (DE-588)122512588  |0 (DE-627)148927823  |0 (DE-576)293302642  |4 prt  |a Zilliger, Christoph Friedrich  |d -1693 
751 |a Braunschweig  |4 pup 
773 1 8 |a Biblische Historien Altes und Neues Testaments Der Jugend und den Einfältigen zu gute in eine richtige Ordnung der Zeit und Jahre zusammen gebracht/ und in zwey Theile/ jedes Theil aber in vier und funffzig Lectiones zu dem Ende abgetheilet/ damit Christliche Hausväter ... beyde Theile alle Jahr gantz durch und zu Ende bringen ... ; Samt einem Bericht oder Vorrede an den Leser/ wie diß Buch nützlich zu gebrauchen  |w (DE-627)537083642  |w (DE-576)9537083640  |g 2  |q 2.1684  |7 nnam 
935 |a mteo 
951 |a MV 
ELC |b 1 
LOK |0 000 xxxxxcx a22 zn 4500 
LOK |0 001 4876262381 
LOK |0 003 DE-627 
LOK |0 004 537083669 
LOK |0 005 20260204104553 
LOK |0 008 260204||||||||||||||||ger||||||| 
LOK |0 040   |a DE-Tue135  |c DE-627  |d DE-Tue135 
LOK |0 092   |o n 
LOK |0 852   |a DE-Tue135 
LOK |0 852 1  |9 00 
LOK |0 866   |x SPQUE#VD (Historische deutsche Nationalbibliographie)#SPSAM#VD17 
LOK |0 935   |a ixvd  |a ixv7 
LOK |0 939   |a 04-02-26  |b l01 
ORI |a TA-MARC-ixtheoa001.raw